| 000 | 00000nam##2200000za#4500 |
| 001 | 9.614398 |
| 003 | CaOODSP |
| 005 | 20230202144024 |
| 007 | ta |
| 008 | 150406|1999||||xxc||||| f|0| 0 eng|d |
| 020 | |a0-662-26878-4 |
| 040 | |aCaOODSP|beng |
| 043 | |an-cn--- |
| 086 | 1 |aH72-22/6-1998E |
| 110 | 2 |aNational Clearinghouse on Family Violence (Canada). |
| 245 | 10|aAbuse and neglect of older adults : |bfact sheet / |cPrepared by Susan M. Swanson. |
| 260 | |aOttawa - Ontario : |bHealth Canada. |c1999. |
| 300 | |a11p. : |breferences ; |c28 cm. |
| 490 | 1 |aInformation from the National Clearinghouse on Family Violence |
| 500 | |a"This fact sheet provides information on abuse and neglect of older adults living in the community. It updates the 1990 fact sheet, Elder abuse."--Page 1. |
| 590 | |a99-34|b1999-08-27 |
| 690 | 07|aElder abuse|2gcpds |
| 720 | 1 |aSwanson, Susan M. |
| 776 | 0#|tAbuse and neglect of older adults |w(CaOODSP)9.572902 |
| 830 | #0|aInformation from the National Clearinghouse on Family Violence.|w(CaOODSP)9.514740 |